Metro-Dade Spouse Abuse Replication Project, Final Report

Guardado en:  
Detalles Bibliográficos
Autores principales: Pate, Antony (Autor) ; Annan, Sampson (Autor) ; Hamilton, Edwin E. (Autor)
Tipo de documento: Print Libro
Lenguaje:Inglés
Publicado: [Erscheinungsort nicht ermittelbar] National Institute of Justice 1991
En:Año: 1991
Verificar disponibilidad: HBZ Gateway
Servicio de pedido Subito: Pedir ahora.

MARC

LEADER 00000cam a22000002c 4500
001 1912622068
003 DE-627
005 20250127054958.0
007 tu
008 241217s1991 xx ||||| 00| ||eng c
035 |a (DE-627)1912622068 
035 |a (DE-599)KXP1912622068 
040 |a DE-627  |b ger  |c DE-627  |e rda 
041 |a eng 
084 |a 2,1  |2 ssgn 
100 1 |a Pate, Antony  |e VerfasserIn  |4 aut 
245 1 0 |a Metro-Dade Spouse Abuse Replication Project, Final Report 
264 1 |a [Erscheinungsort nicht ermittelbar]  |b National Institute of Justice  |c 1991 
336 |a Text  |b txt  |2 rdacontent 
337 |a ohne Hilfsmittel zu benutzen  |b n  |2 rdamedia 
338 |a Band  |b nc  |2 rdacarrier 
700 1 |a Annan, Sampson  |e VerfasserIn  |4 aut 
700 1 |a Hamilton, Edwin E.  |e VerfasserIn  |4 aut 
787 0 8 |i Forschungsdaten  |a Pate, Antony  |t Spouse Abuse Replication Project in Metro-Dade County, Florida, 1987-1989  |d [Erscheinungsort nicht ermittelbar] : [Verlag nicht ermittelbar], 1995  |w (DE-627)1840060913 
935 |a mkri 
951 |a BO 
ELC |b 1 
LOK |0 000 xxxxxcx a22 zn 4500 
LOK |0 001 4637587581 
LOK |0 003 DE-627 
LOK |0 004 1912622068 
LOK |0 005 20241217044713 
LOK |0 008 241217||||||||||||||||ger||||||| 
LOK |0 035   |a (DE-2619)ICPSR24025 
LOK |0 040   |a DE-2619  |c DE-627  |d DE-2619 
LOK |0 092   |o n 
LOK |0 852   |a DE-2619 
LOK |0 852 1  |9 00 
LOK |0 935   |a nacp 
LOK |0 939   |a 17-12-24  |b l01 
ORI |a SA-MARC-krimdoka001.raw